Letra de TURiSTA- Bad Bunny - Estadísticas

Estadísticas generales
  • Esta prueba ha sido intentada 152 veces
  • La puntuación promedio es 157 de 200
Estadísticas de respuestas
TURiSTA % Correcto
100%
tu
100%
100%
mi
98%
98%
turista
98%
fuiste
96%
lo
96%
me
96%
vida
96%
a
95%
de
95%
En
95%
no
95%
y
95%
Y
95%
mejor
92%
que
92%
Que
92%
yo
92%
si
90%
sólo
88%
Te
88%
te
88%
la
87%
La
87%
viste
87%
el
85%
pa
85%
bien
83%
sin
83%
ti
83%
81%
se
81%
heridas
79%
pasamos
79%
saber
79%
sufría
79%
un
79%
Una
76%
una
76%
mis
75%
pasarla
75%
porqué
75%
bonita
73%
hermoso
71%
los
70%
tocaba
70%
atardecer
69%
curarlas
68%
mucho
68%
muchos
68%
tiempo
68%
años
67%
foto
67%
viniste
67%
Viniste
67%
lleva
65%
así
64%
corazón
64%
ojos
64%
oro
64%
tan
63%
cadenita
61%
da
61%
amor
60%
roto
60%
bailaíta
57%
cerquita
56%
pero
56%
pues
56%
pena
55%
como
54%
más
52%
mirándonos
52%
Estuvimos
51%
noche
51%
sentimientos
51%
daño
50%
Dime
49%
también
46%
tendrá
45%
Tengo
45%
vamos
45%
hagas
44%
miedo
44%
tanto
44%
disfrutar
43%
puso
43%
nunca
42%
Ey
38%
Escondiéndome
37%
Jamás
23%
No se encontraron pruebas coincidentes
Distribución de puntuación
Porcentaje de gente con cada puntuación
Porcentaje por número respondido
Historial de tus puntuaciones
No has intentado esta prueba.